|
|
|
|
| LEADER |
00735nam a22002057a 4500 |
| 008 |
150609b xxu||||| |||| 00| 0 eng d |
| 020 |
|
|
|a 9780415697026
|
| 082 |
|
|
|a 070.4 PET
|
| 245 |
|
|
|a Rethinking journalism :
|b trust and participation in a transformed news landscape /
|c edited by Chris Peters and Marcel Broersma
|
| 250 |
|
|
|a 1st ed.
|
| 260 |
|
|
|a London :
|b Routledge,
|c 2013.
|
| 300 |
|
|
|a 247p.
|
| 650 |
|
|
|a Journalism
|
| 650 |
|
|
|a News
|
| 650 |
|
|
|a Mass communication
|
| 700 |
|
|
|a Peters, Chris
|
| 700 |
|
|
|a Broersma, Marcel
|
| 942 |
|
|
|2 ddc
|c BK
|
| 999 |
|
|
|c 11306
|d 11306
|
| 952 |
|
|
|0 0
|1 0
|2 ddc
|4 0
|6 070_400000000000000_PET
|7 0
|9 15976
|a MAIN
|b MAIN
|d 2015-06-09
|e T.B.S
|g 2793.00
|l 2
|o 070.4 PET
|p 15394
|r 2017-05-25
|s 2017-04-25
|t 1
|w 2015-06-09
|y BK
|